000 01243nam a2200253 a 4500
001 BRCA_8873
005 20190320210438.0
008 140617s1780----sp-#######---#000-0#spa-#
041 _aspa
044 _asp
084 _aBE255
_b.A48 1780
100 1 _aAlvarez de la Fuente, Joseph (O.F.M.)
_921971
245 1 0 _aSuccession pontificia
_bepitome historial de las vidas, hechos y resoluciones de los summos pontífices desde San Pedro, primero vicario de Christo, hasta N. Ssmo. Padre Benedicto XIII: con la chronologia universal de los días de sus elecciones, muertes, y sedes vacantes
_cescrita por el Rmo. P.Fr. Joseph Alvarez de la Fuente; Dedicada al Excmo. Señor Don Juan de Camargo; parte quarta.
260 _aMadrid
_bEn la Imprenta de Lorenzo Francisco Mojados
_c1780
300 _a[14], [2], 526 p. (t.4)
_c15.5 x 10.5 cm
500 _aCon privilegio
500 _aEstado físico: presenta encuadernación en pergamino con cintas cintas rotas y presencia del pez de plata
650 1 4 _aIglesia católica
_xHistoria
_yObras anteriores a 1800
_921972
700 1 _aMojados, Lorenzo Francisco
_eImpresor
_922093
700 1 _aBenedicto XIII
_cPapa
_921976
700 1 _aCamargo, Juan de
_921977
902 _aCFM
942 _2lcc
_cB
999 _c8524
_d8524